Γερμανική γραμματική και συντακτικό

Αποθηκεύτηκε σε:
Λεπτομέρειες βιβλιογραφικής εγγραφής
Κύριος συγγραφέας: Κουκίδης, Σπύρος Ε.
Μορφή: Βιβλίο
Γλώσσα:Greek
German
Δημοσίευση: Αθήνα : Praxis, [20--].
Έκδοση:Νέα έκδ., βελτ. και αναθ.
Θέματα:
Ετικέτες: Προσθήκη ετικέτας
Δεν υπάρχουν, Καταχωρήστε ετικέτα πρώτοι!

MARC

LEADER 00000cam a2200000 i 4500
001 1/57387
008 040610q20002004gr | ||| |||| ||gre||
020 |a 9607142713 
020 |a 9789607142719 
035 |l 10073762 
040 |a GR-MyUA  |b gre  |e AACR2 
041 0 |a gre  |a ger 
082 0 |a 438.24  |2 (22) 
100 1 |a Κουκίδης, Σπύρος Ε. 
245 1 0 |a Γερμανική γραμματική και συντακτικό /   |c Σπύρου Κουκίδη.  
250 |a Νέα έκδ., βελτ. και αναθ.  
260 |a Αθήνα :   |b Praxis,   |c [20--].  
300 |a 311 σ. :   |b έγχρ. εικ. ;   |c 27 εκ.  
500 |a Νέα βελτιωμένη, αναθεωρημένη έκδοση, με βάση τους κανόνες της ορθογραφικής μεταρρύθμισης της γερμανικής γλώσσας. 
504 |a Βιβλιογραφία: σ. 306. Ευρετήριο.  
650 0 0 |a German language  |x Study and teaching  |x Foreign speakers. 
650 0 0 |a German language  |x Study and teaching  |x Problems, exercises, etc. 
852 |a INST  |b CHIOS  |e 20060314  |h 435 ΚΟΥ  |p 005200024048  |q 005200024048  |t BK  |y 0 
852 |a INST  |b CHIOS  |e 20100906  |h 435 ΚΟΥ  |p 005200031990  |q 005200031990  |t BK  |y 0 
852 |a INST  |b LEMNOS  |e 20100128  |h 438.24 ΚΟΥ  |p 005600000275  |q 005600000275  |t BK  |y 0 
852 |a INST  |b LESVOS  |e 20060307  |h 435 ΚΟΥ  |p 005100034706  |q 005100034706  |t BK  |y 0 
852 |a INST  |b LESVOS  |e 20100319  |h 435 ΚΟΥ  |p 005100046971  |q 005100046971  |t BK  |y 0 
852 |a INST  |b RHODES  |c EUDOXUS  |e 20130521  |h 435 ΚΟΥ  |p 005400035233  |q 005400035233  |t EDX  |y 0 
852 |a INST  |b RHODES  |c EUDOXUS  |e 20131127  |h 435 ΚΟΥ  |p 005400035839  |q 005400035839  |t EDX  |y 0 
852 |a INST  |b SAMOS  |e 20050421  |h 435 ΚΟΥ  |p 005300025178  |q 005300025178  |t BK  |y 0 
852 |a INST  |b SAMOS  |e 20050421  |h 435 ΚΟΥ  |p 005300025179  |q 005300025179  |t BK  |y 0 
852 |a INST  |b SYROS  |e 20040610  |h 438.24 ΚΟΥ  |p 005500002734  |q 005500002734  |t BK  |y 0 
852 |a INST  |b SYROS  |e 20040610  |h 438.24 ΚΟΥ  |p 005500002735  |q 005500002735  |t BK  |y 0 
852 |a INST  |b SYROS  |e 20040610  |h 438.24 ΚΟΥ  |p 005500002736  |q 005500002736  |t BK  |y 0 
852 |a INST  |b SYROS  |e 20040610  |h 438.24 ΚΟΥ  |p 005500002737  |q 005500002737  |t BK  |y 0 
852 |a INST  |b SYROS  |e 20040610  |h 438.24 ΚΟΥ  |p 005500002738  |q 005500002738  |t BK  |y 0 
901 |a BIBL3-2005-1 
901 |a BIBL5-2004-2 
901 |a BIBL1-2006-1 
901 |a BIBL2-2006-1 
901 |a BIBL6-2010-1 
901 |a BIBL1-2010-1 
901 |a BIBL2-2010-2 
901 |a BIBL4-2013-2 
901 |a BIBL4-2013-3 
909 |a Σ  |b 114497 
909 |a Σ  |b 114499 
909 |a Ε  |b 111344 
909 |a Ε  |b 111343 
909 |a Ε  |b 111342 
909 |a Ε  |b 111341 
909 |a Ε  |b 111340 
909 |a Λ  |b 124160 
909 |a Λ  |b 163044 
909 |a Χ  |b 124161 
909 |a Μ  |b 159280 
909 |a Χ  |b 148860 
909 |a Ρ  |b 176762 
909 |a Ρ  |b 182348 
920 |a ΦΟΙΤΗΤΙΚΗ ΜΕΡΙΜΝΑ  |y Λέσβος  |z 2005-08 
920 |a ΕΥΔΟΞΟΣ  |b ΠΑΡΑΓΓΕΛΙΑ  |y Ρόδος-ΠΤΔΕ  |z 2013-05 
920 |a ΕΥΔΟΞΟΣ  |b ΕΠΙΣΤΡΟΦΗ  |y Ρόδος  |z 2013-11 
970 |a ΚΑΓΙΑΒΑ  |b ΕΙΡΗΝΗ  |z 2004/06/10